00941 a2200205 4500003000500000005001700005040000900022082000800031100002400039245004100063250001400104260002700118300002900145505036700174538003000541651003500571942000900606999001900615952010100634Nust20170207154430.0 cNust a050 aMaj Gen Athar Abbas aHilal July-2009cMaj Gen Athar Abbas a1, Vol 46 aRawalpindibISPRc2009 aUrdu 60 & English 40 p.; aQuaid and The Armed Forces (Page-4) Heroes Die Young (Page-5) Reverend Ghazis (Page-11) Food for Thought (Page-13) Pages from Military History (Page-16) Scourge of Terrorism (Page-19) Humour in Uniform (Page-27) View Point (Page-26) Travelogue and Adventure (Page-28) Book Corner (Page-29) Health Watch (Page-31) Miscellaneous (Page-6) Picture Gallery (Page-37) aAlmirah No.137 Shelf No.5 aPakistan Armed Forces Magazine cMAGS c197602d197602 00102ddc40708NFICaMCSbMCSd2016-12-12l0o050 ABBpMCSP-32/31r2016-12-08w2016-12-12yBK